Communication systems : (Record no. 71600)

MARC details
000 -LEADER
fixed length control field 01014nam a22002777a 4500
005 - DATE AND TIME OF LATEST TRANSACTION
control field 20121123143937.0
008 - FIXED-LENGTH DATA ELEMENTS--GENERAL INFORMATION
fixed length control field 121123t xxu||||| |||| 00| 0 eng d
010 ## - LCCN (DPL NO)
LC control number ENG-106201
020 ## - INTERNATIONAL STANDARD BOOK NUMBER
International Standard Book Number 9781259004605
Terms of availability 399.00
020 ## - INTERNATIONAL STANDARD BOOK NUMBER
International Standard Book Number 1259004600
Terms of availability 399.00
035 ## - SYSTEM CONTROL NUMBER
System control number EN-89734
037 ## - SOURCE OF ACQUISITION
Source of stock number/acquisition DBAD/PUB
040 ## - CATALOGING SOURCE
Original cataloging agency DPL
Language of cataloging Eng
082 ## - DEWEY DECIMAL CLASSIFICATION NUMBER
Classification number 621.382
100 1# - MAIN ENTRY--PERSONAL NAME
Personal name Singh, R.P.
9 (RLIN) 53751
245 10 - TITLE STATEMENT
Title Communication systems :
Statement of responsibility, etc by R.P. Singh [and] S.D. Sapre
Remainder of title analog and digital /
250 ## - EDITION STATEMENT
Edition statement 3rd ed
260 ## - PUBLICATION, DISTRIBUTION, ETC. (IMPRINT)
Place of publication, distribution, etc New Delhi
Name of publisher, distributor, etc Tata McGraw-Hill
Date of publication, distribution, etc 2012
270 ## - ADDRESS
Address 7 West Patel Nagar
City New Delhi
Postal code 110008
300 ## - PHYSICAL DESCRIPTION
Extent xix,750p. :
Other physical details ill.
Dimensions 24cm(pbk)
500 ## - GENERAL NOTE
General note Includes bibliographical references and index
700 ## - ADDED ENTRY--PERSONAL NAME
Personal name Sapre, S.D.
9 (RLIN) 53755
942 ## - ADDED ENTRY ELEMENTS (KOHA)
Source of classification or shelving scheme Dewey Decimal Classification
Item type English Books
Classification part 621.382
Call number suffix SIN
Holdings
Withdrawn status Lost status Source of classification or shelving scheme Damaged status Not for loan Collection code Home library Current library Date acquired Source of acquisition Cost, normal purchase price Total Checkouts Full call number Barcode Date last seen Copy number Cost, replacement price Koha item type
    Dewey Decimal Classification   Not For Loan Non-fiction D.B.Act.Division D.B.Act.Division 23/11/2012 DBAD/PUB 399.00   621.382 SIN EN-89734 23/11/2012 1 399.00 English Books

© Delhi Public Library
Hit Counter
free hit counter